Духовність українського народу (Запис № 349058)

МАРК-запис
000 -Лідер
fixed length control field 00793nam a22002417a 4500
001 - Контрольний номер
control field 63007
003 - Ідентифікатор контрольного номера
control field UA-OsUOA
005 - Дата та час останнього входження (трансакції)
control field 20200109145208.0
007 - Фіксоване поле фізичного опису
fixed length control field ta
008 - Елементи даних фіксованої довжини – загальна інформація
fixed length control field 20090916b un ||||| |||| 00| 0 ukr d
040 ## - Джерело каталогізації
Агенція оригінальної каталогізації UA-OsUOA
Мова каталогізації ukr
Агенція, яка здійснювала перезапис UA-OsUOA
Агенція, яка здійснювала модифікацію UA-OsUOA
041 ## - Код мови
Код мови тексту/ звукової доріжки чи окремого заголовка (П) ukr
080 ## - Індекс Універсальної десяткової класифікації
Індекс Універсальної десяткової класифікації (УДК) (НП) 2(091)(477)
090 ## - Локальний шифр розміщення
Класифікаційний індекс УДК 2(091)(477)
Авторський знак (НП) Я75
100 ## - Основне введення – ім’я особи
Ім’я особи (НП) Ярмусь С.
245 ## - Відомості про назву
Назва (НП) Духовність українського народу
Решта назви (НП) короткий орієнтаційний нарис
260 ## - Публікація, розповсюдження і т.п. (Вихідні дані)
Місце публікації, розповсюдження і т.п. (П) Канада
Ім’я/ наймення видавництва, розповсюджувача і т.п. (П) Волинь
Дата публікації, розповсюдження і т.п. (П) 1983
Місце публікації, розповсюдження і т.п. (П) Вінніпег
300 ## - Фізичний опис
Обсяг 227 с.
650 #7 - Додаткове предметне введення – тематичний термін
Тематичний термін чи географічна назва, як елемент введення (НП) 2 Релігія. Теологія.
Джерело заголовка чи терміна UDC
942 ## - Додаткові елементи входу (Коха)
Тип елемента Koha Книги
Source of classification or shelving scheme Universal Decimal Classification
955 ## - Код типу видання за змістом
Код типу видання за змістом (НП) Навчальні видання
Фонди
Стан вилучень Стан втрат Джерело класифікації або схеми стелажів Стан уражень Не для кредиту Код колекції Постійне місце розташування Поточне розміщення Дата придбання Джерело придбання Вартість, звичайна ціна покупки Інвентарний номер Усього замовленно Повний номер виклику Штрих-код Дата останнього перегляду Дата останньої перевірки Ціна ефективна від Тип елемента Koha
    Universal Decimal Classification       АБ - Абонемент НБ АБ - Абонемент НБ 17/04/2013 20/2013 6.00 142231   2(091)(477) Я75 142231 04/11/2021   16/09/2009 Книги
    Universal Decimal Classification       АБ - Абонемент НБ АБ - Абонемент НБ 31/08/2012     56899   2(091)(477) Я75 56899 22/10/2021   16/09/2009 Книги
    Universal Decimal Classification     Колекція Інституту дослідів Волині Наукова бібліотека ІДУД Наукова бібліотека ІДУД 25/01/2007 18/2006 1.00 2126584   261.6 Я75 2126584 15/09/2019   25/01/2007 Книги
    Universal Decimal Classification     Колекція Інституту дослідів Волині Наукова бібліотека ІДУД Наукова бібліотека ІДУД 25/01/2007 3/2006 1.00 2126585   261.6 Я75 2126585 15/09/2019   25/01/2007 Книги
    Universal Decimal Classification     Колекція Інституту дослідів Волині Наукова бібліотека ІДУД Наукова бібліотека ІДУД 25/01/2007 3/2006 1.00 2126586   261.6 Я75 2126586 15/09/2019   25/01/2007 Книги
    Universal Decimal Classification       Наукова бібліотека ІДУД Наукова бібліотека ІДУД 19/09/2008 109/2007 1.00 2129751   261.6 Я75 2129751 15/09/2019   19/09/2008 Книги
    Universal Decimal Classification     Колекція Ковальського М.П. ЧЗ - Читальна зала ЧЗ - Читальна зала 16/09/2009 115/2009 6.00 123285 1 2(091)(477) Я75 123285 16/12/2022 16/12/2022 16/09/2009 Книги